02542nam a22002417a 4500003000500000005001700005008004100022035001100063040000900074100003200083245012500115264004100240300004100281336002700322337002900349338004000378502003400418520172200452650002002174650002202194650003102216856005302247CHAP20250128091101.0110119s2010 mx r 00010 spa d a111947 cCHAP1 aMartínez Peña, Paulina.10aEfecto del benzoato de estrabiol (BE) en la sincronización de celos de vacas charolaisc/por Paulina Martínez Peña 1aChapingo, Méx. :bEl autor,c2010. a1 recurso en línea (41 páginas). 2rdacontentatextobtxt 2rdamediaacomputadorabc 2rdacarrierarecursos en líneabcr bIAEZcZootecníad2010.gLIC aCon el objetivo de evaluar el efecto del benzoato de estradiol (BE) en el porcentaje y hora de celo, incidencia de atresia del folículo dominante, diámetro folicular al retirar el CIDR, diámetro del folículo preovulatorio y diámetro del cuerpo lúteo, se utilizaron 49 vacas de la raza Charolais, clínicamente sanas, en buena condición corporal, con una edad entre 2.5 y 5 años y un peso vivo promedio de 509 ± 63 kg. Las vacas fueron distribuidas aleatoriamente en uno de dos tratamientos: T1; introducción de un dispositivo intravaginal (CIDR®, Pfizer) conteniendo 1.9 g de progesterona por ocho días, el día siete se aplicaron vía intramuscular 15 mg de PGF2α (Prosolvin®, Intervet) (n=19) y T2; similar a T1 más la aplicación intramuscular de 2 mg de BE (Benzoato de estradiol, Syntex) al colocar el CIDR (n=30). Los celos fueron detectados cada 12 h iniciando a las 24 h después de la remoción del CIDR hasta las 96 h. Una vaca se consideró en celo al permitir ser montada. Los resultados se analizaron mediante un diseño completamente al azar. El porcentaje de celos y la incidencia de atresia folicular se analizaron mediante pruebas de Chi-cuadrada y el resto de las variables con un análisis de varianza para datos desbalanceados, utilizando el paquete computacional SAS (SAS, 2008). Las medias se compararon mediante la prueba de Tukey. No se observaron diferencias (P<0.05) entre tratamientos para las variables porcentaje de celo, hora de celo, diámetro folicular al retirar el CIDR, diámetro del folículo preovulatorio y diámetro del cuerpo lúteo; pero la incidencia de atresia (63.16 vs. 90.00%) fue mayor (P<0.05) en vacas Charolais tratadas con BE.14aAcido benzoico.14aGanado Charolais.14aSincronización del celo. uhttp://10.13.5.2/tesis/111947.pdfzDESCARGAR PDF